Top 100 baby boy names Netherlands 2015 - Statistics

General Stats
  • This quiz has been taken 266 times
  • The average score is 22 of 100
Answer Stats
Hint Answer % Correct
48 Tom
67%
15 Sam
61%
16 Tim
57%
32 Jan
55%
5 Noah
53%
12 Thomas
51%
36 Luca
49%
3 Lucas
49%
70 Dani
48%
37 David
44%
55 Daniel
43%
80 Alexander
42%
11 Max
42%
25 Benjamin
40%
7 Daan
39%
4 Luuk
38%
2 Sem
37%
1 Liam
34%
13 Bram
32%
34 James
32%
65 Mohamed
32%
68 Mohammed
32%
9 Finn
31%
17 Lars
31%
85 Nick
31%
43 Jack
30%
72 Willem
30%
76 Bas
29%
14 Thijs
29%
90 Stef
28%
67 Nathan
27%
46 Cas
26%
78 Jasper
26%
69 Samuel
26%
20 Adam
25%
10 Jesse
24%
19 Julian
24%
8 Levi
24%
30 Sven
24%
29 Vince
24%
75 Rayan
23%
40 Ryan
23%
84 Koen
22%
94 Niels
22%
18 Ruben
22%
27 Hugo
20%
21 Jayden
20%
52 Pim
20%
97 Joshua
19%
81 Stan
18%
26 Stijn
18%
82 Aiden
17%
73 Dylan
17%
22 Mees
17%
47 Olivier
17%
64 Tobias
17%
24 Gijs
16%
62 Jason
16%
95 Jelle
15%
91 Job
15%
63 Joris
15%
86 Owen
15%
31 Teun
15%
41 Floris
14%
35 Jens
14%
50 Joep
14%
6 Milan
14%
66 Thijmen
14%
88 Xavi
14%
83 Casper
13%
45 Guus
13%
77 Johannes
13%
44 Mason
13%
28 Siem
13%
42 Tijn
13%
98 Kai
12%
38 Mats
12%
92 Mick
12%
60 Ties
12%
87 Joey
10%
71 Niek
10%
59 Quinn
10%
23 Noud
9%
56 Dean
8%
51 Jurre
8%
53 Roan
8%
33 Tygo
7%
93 Abel
6%
89 Jax
6%
96 Kyan
6%
58 Pepijn
6%
100 Rens
6%
54 Senn
6%
49 Boaz
5%
39 Dex
5%
74 Hidde
5%
79 Morris
5%
57 Daley
3%
61 Fedde
2%
99 Jace
2%
No matching quizzes found
Score Distribution
Percent of People with Each Score
Percentile by Number Answered
Your Score History
You have not taken this quiz